书目信息 |
| 题名: |
地基与基础
|
|
| 作者: | 朱永祥 编著 | |
| 分册: | ||
| 出版信息: | 武汉 武汉工业大学出版社 1997.08 |
|
| 页数: | 161页 | |
| 开本: | 16开 | |
| 丛书名: | ||
| 单 册: | ||
| 中图分类: | TU47-43 | |
| 科图分类: | ||
| 主题词: | 地基--基础(工程) | |
| 电子资源: | ||
| ISBN: | 7-5629-1195-9 | |
| 000 | 00554nam0 2200193 45 | |
| 001 | 0010262070 | |
| 005 | 20010228103753.5 | |
| 010 | @a7-5629-1195-9@d10.50元 | |
| 100 | @a20001026d1997 km y0chiy0120 ea | |
| 101 | 0 | @achi |
| 105 | @a z 000yy | |
| 200 | 1 | @a地基与基础@ADi Ji Yu Ji Chu@f朱永祥编著@FZhu Yong Xiang Bian Zhu |
| 210 | @a武汉@c武汉工业大学出版社@d1997.08 | |
| 215 | @a161页@d16开 | |
| 606 | 0 | @a地基@x基础(工程) |
| 690 | @aTU47-43@v3 | |
| 701 | 0 | @a朱永祥@4编著 |
| 801 | @aCN@bPftUser@c20001026 | |
| 905 | @dTU47-43@eZH903@b324731-733@f3 | |
| 地基与基础/朱永祥编著.-武汉:武汉工业大学出版社,1997.08 |
| 161页;16开 |
| ISBN 7-5629-1195-9:10.50元 |
| ● |
| 相关链接 |
|
|
|
正题名:地基与基础
索取号:TU47-43/ZH903
 
预约/预借
| 序号 | 登录号 | 条形码 | 馆藏地/架位号 | 状态 | 备注 |
| 1 | 324731 | 203247316 | 建筑库101/101建筑库 97排2列3层/ [索取号:TU47-43/ZH903] | 在馆 | |
| 2 | 324732 | 203247325 | 建筑库101/101建筑库 97排2列3层/ [索取号:TU47-43/ZH903] | 在馆 | |
| 3 | 324733 | 203247334 | 土木与交通工程学院资料室/土木与交通学院资料室 1排1列1层/ [索取号:TU47-43/ZH903] | 在馆 |